KOHA-Header-6

Storage Networking Fundamentals (Record no. 8765)

000 -LEADER
fixed length control field 00264nam a2200109Ia 4500
100 ## - MAIN ENTRY--AUTHOR NAME
Personal name Marc Farley
245 #0 - TITLE STATEMENT
Title Storage Networking Fundamentals
260 ## - PUBLICATION, DISTRIBUTION, ETC. (IMPRINT)
Place of publication New york
Name of publisher Prentice
Year of publication 1996
300 ## - PHYSICAL DESCRIPTION
Number of Pages 990
942 ## - ADDED ENTRY ELEMENTS (KOHA)
Koha item type Books
Holdings
Withdrawn status Lost status Collection code Permanent Location Current Location Shelving location Date acquired Full call number Accession Number Koha item type
    Computer Networking MAJU MAJU   2019-09-14 005.2 3728 Computer Networking

Powered by Koha